Города по Буквам — И - Statistics

General Stats
  • This quiz has been taken 168 times
  • The average score is 6 of 12
Answer Stats
Подсказка Город % Correct
Священный город на Ближнем Востоке, колыбель трёх религий Иерусалим
84%
Сибирский город, символом которого является зверь Бабр Иркутск
80%
Сменившая Карачи столица Пакистана Исламабад
75%
Город в Удмуртии, родина АК-47 Ижевск
73%
"Город невест и текстиля" Иваново
69%
Третий по величине город Турции, ранее известный как Смирна Измир
48%
Крупный пригород Токио, иногда его название пишут с первой "Й" Иокогама
47%
Город в США, столица штата Индиана, место проведения известных гонок Nascar Индианаполис
45%
Олимпийский город в австрийском Тироле Инсбрук
30%
Древний город в Палестине, стены которого, согласно Библии, пали из-за звуков труб Иерихон
23%
Крупный город в Иране с роскошными дворцами и старинными мечетями Исфахан
19%
Портовый город в северной Шотландии, столица гористого региона Хайленд Инвернесс
10%
No matching quizzes found
Score Distribution
Percent of People with Each Score
Percentile by Number Answered
Your Score History
You have not taken this quiz